Przedmowy romantyków
| Titel: | Przedmowy romantyków : kreacje autorskie, idee programowe, gry z czytelnikiem / Marek Stanisz |
|---|---|
| Verfasser: | |
| Veröffentlicht: | Kraków : Ksiȩgarnia Akademicka, 2007 |
| Umfang: | 347 S. |
| Format: | Buch |
| Sprache: | Polnisch |
| Schriftenreihe/ mehrbändiges Werk: |
Studia Dziewiȩtnastowieczne ; 2 |
| RVK-Notation: | |
| ISBN: | 9788371889875 |
| Hinweise zum Inhalt: |
Inhaltsverzeichnis
|
alg: 20813381 001A $00077:14-01-09 001B $01999:13-05-21 $t13:30:22.000 001C $00077:28-05-09 $t13:44:23.000 001D $00077:28-05-09 001U $0utf8 001X $00 002@ $0Aau 003@ $020813381X 004A $A978-83-7188-987-5 007A $0570259479 $aGBV 007G $0DE0133DFD68BF049F0358C125769000348F13 007T $0Herdkk00012425 009P $qapplication/pdf $A2 $3Inhaltsverzeichnis $uhttp://scans.hebis.de/HEBCGI/show.pl?20813381_toc.pdf $mV:DE-603;B:DE-26 010@ $apol 011@ $a2007 021A $aPrzedmowy romantyków $dkreacje autorskie, idee programowe, gry z czytelnikiem $hMarek Stanisz 028A $7 $8Stanisz, Marek [Tnu] $921264260X 033A $pKraków $nKsiȩgarnia Akademicka 034D $a347 S. 036E $aStudia Dziewiȩtnastowieczne $l2 036F $x12 $8Studia Dziewiȩtnastowieczne. Rozprawy $9211361348 $l2 039U $8--Aox--Kłak, Czesław. Stanisz, Marek. Przedmowy romantyków. - Kraków : Ksiȩgarnia Akademicka. - 2007 [Rezension], 2008 $9395114233 039U $8--Aox--Lyszczyna, Jacek. Stanisz, Marek. Przedmowy romantyków. - Kraków : Ksiȩgarnia Akademicka. - 2007 [Rezension], 2008 $9395138930 044K $RLechisch $#Polish language $#Polonais (langue) $#Lingua polacca $#Lengua polaca $#Polnisch $#Polnische Sprache $74120314-8 $8Polnisch [Ts1] $9085383503 044K $RBuch $RSchriftsteller $#Literature $#Littérature $#Letteratura $#Literatura $#literature $#Literature $#Literatur $#Literatur $#Belletristik $#Dichtung Literatur $#Schöne Literatur $#Sprachkunst $#Wortkunst $74035964-5 $8Literatur [Tsz] $9085097128 044K $RBiedermeier $#Romanticism $#Romantisme $#Romanticismo $#Romantik $#Frühromantik $#Spätromantik $74050491-8 $8Romantik [Ts1] $9085140775 045F $a800 $eDDC23BSB 045F/01 $a800 045F/03 $g438 045Z $8KO 6410 [Tkv] $9409258393 046M $aZsfassung in engl. Sprache u.d.T.: The Romantics' prefaces lok: 20813381 25 exp: 20813381 25 1 #EPN 201B/01 $004-08-25 $t11:17:43.000 201C/01 $014-01-09 201U/01 $0utf8 203@/01 $0565855115 208@/01 $a28-05-09 $bzii 209A/01 $aMlb 385 $dd $f075 $x00 209C/01 $a27065/09 209G/01 $a76680540 $x00 209G/01 $aSlavistik $x01 247C/01 $8651075-9 <77/075>Mainz, Universität Mainz, Bereichsbibliothek Philosophicum, Standort Slavistik $9102600244 lok: 20813381 78 exp: 20813381 78 1 #EPN 201B/01 $019-04-17 $t15:30:35.000 201U/01 $0utf8 203@/01 $0792334582 208@/01 $a12-11-16 $be 209A/01 $a/ $f000 $x00 220C/01 $aTitelaufnehmer: pbb 220C/01 $aHerkunft: PBB/IH PAN 237A/01 $aengl. Res. 244Z/01 $2Trx $#Poola $#Lenkija $#Polija $#Polen Land $#Poland $#Lengyelország $#Poľsko $#Polsko $8--Trx--Polska$gkraj $x01 $9391345966 244Z/01 $2Trx $8--Trx--Monographie $x02 $9391384546 245Z/01 $a11.08 $x01 247C/01 $82080>Marburg/Lahn, Herder-Institut, Forschungsbibliothek, Bibliographieportal $9336309341 lok: 20813381 204 exp: 20813381 204 1 #EPN 201B/01 $007-01-10 $t10:12:00.000 201C/01 $018-12-09 201U/01 $0utf8 203@/01 $0586502017 208@/01 $a07-01-10 $bzUB 209A/01 $aFH sla Dq 4.13 $du $f000 $x00 209G/01 $a60793697 $x00 245S/01 $a21000 $x01 247C/01 $8631000-x <26>Gießen, Universität Gießen, Universitätsbibliothek Gießen $9102596697
| LEADER | 00000cam a2200000 c 4500 | ||
|---|---|---|---|
| 001 | 20813381X | ||
| 003 | DE-603 | ||
| 005 | 20210513133022.0 | ||
| 007 | tu | ||
| 008 | 090114s2007 xx |||| | u00||u|pol c | ||
| 020 | |a 9788371889875 | ||
| 035 | |a (DE-599)GBV570259479 | ||
| 040 | |a DE-603 |b ger |c DE-603 |d DE-603 | ||
| 041 | |a pol | ||
| 082 | 0 | 4 | |8 1\u |a 800 |q DE-101 |2 23/BSB |
| 084 | |a KO 6410 |0 (DE-625)80586: |0 (DE-603)409258393 |2 rvk | ||
| 085 | |8 1\u |b 800 | ||
| 085 | |8 1\u |z 2 |s 438 | ||
| 100 | 1 | |a Stanisz, Marek |0 (DE-603)21264260X | |
| 245 | 0 | 0 | |a Przedmowy romantyków |b kreacje autorskie, idee programowe, gry z czytelnikiem |c Marek Stanisz |
| 264 | 1 | |a Kraków |b Ksiȩgarnia Akademicka |c 2007 | |
| 300 | |a 347 S. | ||
| 490 | 1 | |a Studia Dziewiȩtnastowieczne |v 2 | |
| 500 | |a Zsfassung in engl. Sprache u.d.T.: The Romantics' prefaces | ||
| 650 | 7 | |a Polnisch |0 (DE-588)4120314-8 |0 (DE-603)085383503 |2 gnd | |
| 650 | 7 | |a Literatur |0 (DE-588)4035964-5 |0 (DE-603)085097128 |2 gnd | |
| 650 | 7 | |a Romantik |0 (DE-588)4050491-8 |0 (DE-603)085140775 |2 gnd | |
| 787 | 0 | 8 | |i Rezensiert in |a Kłak, Czesław |t Stanisz, Marek. Przedmowy romantyków. - Kraków : Ksiȩgarnia Akademicka. - 2007 [Rezension] |w (DE-603)395114233 |
| 787 | 0 | 8 | |i Rezensiert in |a Lyszczyna, Jacek |t Stanisz, Marek. Przedmowy romantyków. - Kraków : Ksiȩgarnia Akademicka. - 2007 [Rezension] |w (DE-603)395138930 |
| 830 | 0 | |t Studia Dziewiȩtnastowieczne |p Rozprawy |v 2 |w (DE-603)211361348 |w (DE-600)2488917-9 |9 12 |7 as | |
| 856 | 4 | 2 | |m V:DE-603;B:DE-26 |q application/pdf |u http://scans.hebis.de/HEBCGI/show.pl?20813381_toc.pdf |3 Inhaltsverzeichnis |
| 924 | 0 | |9 77/075 |a (DE-603)565855115 |b DE-77-075 |c HES |d d |g Mlb 385 | |
| 924 | 0 | |9 2080 |a (DE-603)792334582 |b DE-2080 |c HES |d d |g / | |
| 924 | 0 | |9 26 |a (DE-603)586502017 |b DE-26 |c HES |d c |g FH sla Dq 4.13 | |


